000 00998aab a2200217 4500
001 768714001
003 CO-MdFUSB
005 20240605144827.0
008 170509s1993 cr ||||| |||| 00| 0 spa d
022 _a1409-1968
040 _aCO-MdFUSB
_bspa
_cCO-MdFUSB
_dCO-MdFUSB
041 _aspa
100 1 _aLandrey, Pablo
_eautor
245 1 0 _aY su discípulo, ¿dónde está?
_c/ Pablo Landrey
300 _aVolumen 10. Número 5 (1993), páginas 24-25
_c: 27 cm.
520 _aEl discipulado es una de las fuertes responsabilidades de la iglesia. Consiste en educar, capacitar e integrar a las personas en la dinámica de la vida cristiana. Esta vida se basa en la comunión intima con Dios, por medio de Jesucristo y está relacionada y establecida como resultado del evangelismo y de la regeneración del Espíritu.
650 0 _aDiscipulado
_92945
773 0 _tApuntes Pastorales
_049442
_960186
_gVolumen 10. Número 5 (1993), páginas 24-25
_qPáginas 24
942 _cANA
945 _aJTF-925
999 _c49784
_d49784